[Event "HUN-chT2 Erkel 1516"]
[Site "Hungary"]
[Date "2016.04.17"]
[Round "11.9"]
[White "Csizmadia, Lajos"]
[Black "Wanger, Tamas"]
[Result "1/2-1/2"]
[WhiteElo "1814"]
[BlackElo "2026"]
[PlyCount "80"]
[EventDate "2015.09.13"]
[EventType "team-tourn"]
[EventRounds "11"]
[EventCountry "HUN"]
[SourceTitle "EXT 2017"]
[Source "ChessBase"]
[SourceDate "2016.10.25"]
[SourceVersion "1"]
[SourceVersionDate "2016.10.25"]
[SourceQuality "1"]
[WhiteTeam "Matra"]
[BlackTeam "Barcza BEAC"]
[WhiteTeamCountry "HUN"]
[BlackTeamCountry "HUN"]

1. e4 e6 2. d4 d5 3. Nd2 c5 4. exd5 exd5 5. Bb5+ Nc6 6. Qe2+ Qe7 7. dxc5 Qxe2+ 8. Nxe2 Bxc5 9. Nb3 Bd6 10. Bf4 Bxf4 11. Nxf4 Nf6 12. 0-0-0 0-0 13. Nxd5 Nxd5 14. Rxd5 Be6 15. Rd2 Nb4 16. a3 Bxb3 17. cxb3 Rac8+ 18. Kb1 Rc5 19. Be2 Nc6 20. b4 Re5 21. Bf3 Re7 22. Bxc6 bxc6 23. Rc1 Rc7 24. Rdc2 Rfc8 25. b5 c5 26. a4 Kf8 27. a5 Ke7 28. b6 axb6 29. axb6 Rb7 30. Rxc5 Rxc5 31. Rxc5 Rxb6 32. Rc7+ Ke8 33. Kc2 Rf6 34. f3 Kd8 35. Rc3 Re6 36. Kb1 Re1+ 37. Rc1 Re3 38. Rc2 h5 39. Ka2 g5 40. h3 f5 1/2-1/2

[Event "HUN-chT2 Erkel 1516"]
[Site "Hungary"]
[Date "2016.04.03"]
[Round "10.9"]
[White "Vas, Vince"]
[Black "Csizmadia, Lajos"]
[Result "0-1"]
[WhiteElo "1677"]
[BlackElo "1814"]
[PlyCount "154"]
[EventDate "2015.09.13"]
[EventType "team-tourn"]
[EventRounds "11"]
[EventCountry "HUN"]
[SourceTitle "EXT 2017"]
[Source "ChessBase"]
[SourceDate "2016.10.25"]
[SourceVersion "1"]
[SourceVersionDate "2016.10.25"]
[SourceQuality "1"]
[WhiteTeam "Paszto"]
[BlackTeam "Matra"]
[WhiteTeamCountry "HUN"]
[BlackTeamCountry "HUN"]

1. e4 e6 2. d4 d5 3. Nd2 c5 4. c3 Qb6 5. Ngf3 Nc6 6. exd5 exd5 7. Nb3 c4 8. Nbd2 a5 9. b3 cxb3 10. axb3 Nf6 11. Bd3 Bd6 12. 0-0 0-0 13. Ba3 Bxa3 14. Rxa3 Be6 15. Re1 Rfe8 16. Ra1 h6 17. h3 Re7 18. Nf1 Rae8 19. Ne3 Nh5 20. Bc2 Nf6 21. Rb1 Qd8 22. Nf1 b5 23. Ng3 b4 24. Ne2 bxc3 25. Nxc3 Nb4 26. Na4 Nxc2 27. Qxc2 Ne4 28. Rbc1 Qb8 29. Qb2 Rb7 30. Re3 Bd7 31. Qa2 Rb4 32. Nb2 a4 33. Nxa4 Bxa4 34. bxa4 Qa8 35. Re2 Rxa4 36. Qc2 Rc4 37. Qd1 Rxc1 38. Qxc1 Rc8 39. Rc2 Rxc2 40. Qxc2 Qa1+ 41. Kh2 Qc3 42. Qa2 Qc4 43. Qa1 Nxf2 44. Qe1 Ne4 45. Qe3 Qc2 46. Qa3 Qc7+ 47. Kg1 Qb7 48. Qa1 Qb3 49. Qc1 Qc3 50. Qb1 Qe3+ 51. Kh2 Qf4+ 52. Kg1 Qg3 53. Qa2 Nf6 54. Qc2 Qf4 55. Qb2 g5 56. Ne5 h5 57. Qc3 g4 58. hxg4 hxg4 59. g3 Qf5 60. Qe3 Qb1+ 61. Kg2 Qe4+ 62. Kf2 Qc2+ 63. Kg1 Qb1+ 64. Kh2 Qc2+ 65. Kg1 Qd1+ 66. Kg2 Qc2+ 67. Kg1 Qf5 68. Nc6 Qb1+ 69. Kf2 Qc2+ 70. Qe2 Qxc6 71. Qb2 Ne4+ 72. Kg2 Qc3 73. Qb8+ Kh7 74. Qb1 Qxg3+ 75. Kh1 Qf3+ 76. Kg1 g3 77. Qc2 Qf2+ 0-1

[Event "CZE-ch Seniors 70"]
[Site "Rychnov nad Kneznou"]
[Date "2015.08.23"]
[Round "9"]
[White "Csizmadia, Lajos"]
[Black "Mutina, Antonin"]
[Result "1-0"]
[WhiteElo "1826"]
[BlackElo "1847"]
[PlyCount "53"]
[EventDate "2015.08.15"]
[EventType "swiss"]
[EventRounds "9"]
[EventCountry "CZE"]
[SourceTitle "EXT 2016"]
[Source "ChessBase"]
[SourceDate "2015.10.08"]
[SourceVersion "1"]
[SourceVersionDate "2015.10.08"]
[SourceQuality "1"]

1. e4 c6 2. d4 d5 3. exd5 cxd5 4. c4 Nf6 5. Nc3 e6 6. Nf3 Nc6 7. c5 g6 8. Bb5 Bg7 9. 0-0 0-0 10. Bxc6 bxc6 11. Ne5 Qc7 12. b4 Bd7 13. a4 a6 14. Rb1 Rab8 15. Bf4 Nh5 16. Nxd7 Qxf4 17. Nxb8 Rxb8 18. Ne2 Qe4 19. Qd2 Bf6 20. Rfd1 Bd8 21. Ng3 Nxg3 22. hxg3 Bc7 23. Qd3 Qg4 24. Qxa6 Rxb4 25. Qc8+ Kg7 26. Qxc7 Qe2 27. Qe5+ 1-0

[Event "Balatonalmadi Pannonia Cup 18th"]
[Site "Balatonalmadi"]
[Date "2013.07.28"]
[Round "7"]
[White "Takacs, Kevin"]
[Black "Csizmadia, Lajos"]
[Result "1-0"]
[WhiteElo "2002"]
[BlackElo "1848"]
[PlyCount "63"]
[EventDate "2013.07.24"]
[EventType "swiss"]
[EventRounds "7"]
[EventCountry "HUN"]
[SourceTitle "EXT 2016"]
[Source "ChessBase"]
[SourceDate "2015.10.08"]
[SourceVersion "1"]
[SourceVersionDate "2015.10.08"]
[SourceQuality "1"]

1. d4 Nf6 2. c4 g6 3. Nc3 Bg7 4. e4 d6 5. Nf3 0-0 6. Be2 e5 7. 0-0 Nbd7 8. d5 Nc5 9. Qc2 a5 10. Rb1 Bd7 11. b3 b6 12. Be3 Ne8 13. Nd2 f5 14. f3 f4 15. Bf2 g5 16. a3 h5 17. b4 Nb7 18. c5 bxc5 19. bxc5 Nxc5 20. Bxc5 dxc5 21. Nb5 g4 22. Qxc5 Qh4 23. Rfd1 Qg5 24. Nxc7 Rc8 25. d6 g3 26. h3 Rf6 27. Qd5+ Kh7 28. Nxe8 Rxe8 29. Qc5 Rg6 30. Rb7 Bxh3 31. gxh3 h4 32. Kg2 1-0

[Event "Balatonalmadi Pannonia Cup 18th"]
[Site "Balatonalmadi"]
[Date "2013.07.27"]
[Round "5"]
[White "Ruck, Robert1111"]
[Black "Csizmadia, Lajos"]
[Result "1-0"]
[WhiteElo "2055"]
[BlackElo "1848"]
[PlyCount "65"]
[EventDate "2013.07.24"]
[EventType "swiss"]
[EventRounds "7"]
[EventCountry "HUN"]
[SourceTitle "EXT 2016"]
[Source "ChessBase"]
[SourceDate "2015.10.08"]
[SourceVersion "1"]
[SourceVersionDate "2015.10.08"]
[SourceQuality "1"]

1. e4 e6 2. d4 d5 3. Nd2 c5 4. dxc5 Bxc5 5. Nb3 b6 6. exd5 Qxd5 7. Qxd5 exd5 8. Nf3 Nc6 9. c3 Nge7 10. Nxc5 bxc5 11. Be3 c4 12. 0-0-0 0-0 13. Be2 f6 14. Rhe1 Kf7 15. Bc5 Re8 16. h3 h6 17. Nh4 Bb7 18. f4 Rad8 19. f5 Ne5 20. Bh5+ g6 21. fxg6+ N7xg6 22. Rxe5 Rxe5 23. Bxg6+ Kg7 24. Bd4 Rg5 25. Bc2 Bc8 26. Rf1 Rd6 27. g4 Kf7 28. Nf5 Bxf5 29. Bxf5 Rg8 30. Re1 a6 31. Bc5 Rc6 32. Re7+ Kf8 33. Ba3 1-0

[Event "HUN-ch Seniors"]
[Site "Ajka"]
[Date "2009.06.24"]
[Round "3"]
[White "Krepsz, Gabor"]
[Black "Csizmadia, Lajos"]
[Result "1/2-1/2"]
[WhiteElo "1687"]
[BlackElo "1944"]
[PlyCount "28"]
[EventDate "2009.06.22"]
[EventType "swiss"]
[EventRounds "9"]
[EventCountry "HUN"]
[SourceTitle "EXT 2011"]
[Source "ChessBase"]
[SourceDate "2010.11.26"]
[SourceVersion "1"]
[SourceVersionDate "2010.11.26"]
[SourceQuality "1"]

1. e4 e6 2. d4 d5 3. e5 c5 4. Nf3 Nc6 5. Nc3 Bd7 6. Be3 c4 7. a3 Qa5 8. Bd2 Qa6 9. Be2 b5 10. b4 Qb6 11. Be3 Nge7 12. 0-0 Nf5 13. Qd2 Be7 14. Nd1 a5 1/2-1/2

[Event "HUN-ch Seniors"]
[Site "Ajka"]
[Date "2009.06.22"]
[Round "1"]
[White "Kadar, Gabor"]
[Black "Csizmadia, Lajos"]
[Result "1-0"]
[WhiteElo "2203"]
[BlackElo "1944"]
[PlyCount "53"]
[EventDate "2009.06.22"]
[EventType "swiss"]
[EventRounds "9"]
[EventCountry "HUN"]
[SourceTitle "EXT 2011"]
[Source "ChessBase"]
[SourceDate "2010.11.26"]
[SourceVersion "1"]
[SourceVersionDate "2010.11.26"]
[SourceQuality "1"]

1. e4 e6 2. d3 d5 3. Nd2 c5 4. g3 dxe4 5. dxe4 Nc6 6. Bg2 Nf6 7. Ne2 Be7 8. 0-0 e5 9. h3 0-0 10. f4 Qc7 11. Nc4 b5 12. Nxe5 Nxe5 13. fxe5 Qxe5 14. Bf4 Qh5 15. e5 Rd8 16. exf6 Rxd1 17. Raxd1 Bxf6 18. Bf3 Qxh3 19. Bxa8 g5 20. Bc7 Kg7 21. Rxf6 Kxf6 22. Bd8+ Kg6 23. Be4+ f5 24. Rd6+ Kf7 25. Bd5+ Ke8 26. Bxg5 Qh5 27. Rd8# 1-0

[Event "Eger Tel op"]
[Site "Eger"]
[Date "2009.01.31"]
[Round "5"]
[White "Kovacs, Klara"]
[Black "Csizmadia, Lajos"]
[Result "1-0"]
[WhiteElo "2108"]
[BlackElo "1954"]
[PlyCount "57"]
[EventDate "2009.01.29"]
[EventType "swiss"]
[EventRounds "7"]
[EventCountry "HUN"]
[SourceTitle "EXT 2011"]
[Source "ChessBase"]
[SourceDate "2010.11.26"]
[SourceVersion "1"]
[SourceVersionDate "2010.11.26"]
[SourceQuality "1"]

1. e4 e6 2. d4 d5 3. Nd2 c5 4. exd5 Qxd5 5. dxc5 Bxc5 6. Ngf3 Nf6 7. Bc4 Qh5 8. 0-0 0-0 9. Qe2 Nc6 10. Nb3 Be7 11. Bf4 b6 12. Rfd1 Bb7 13. Ba6 Bxa6 14. Qxa6 e5 15. Bg3 Qf5 16. c3 Rfd8 17. Qb7 Qe6 18. Nxe5 Nxe5 19. Bxe5 Qxe5 20. Re1 Qf4 21. Qxe7 Ng4 22. Qh4 Rd6 23. h3 Qh2+ 24. Kf1 Qh1+ 25. Ke2 Re8+ 26. Kf3 Nh2+ 27. Kg3 Rg6+ 28. Kf4 Rxe1 29. Rxe1 1-0

[Event "HUN-ch Seniors"]
[Site "Ajka"]
[Date "2008.06.29"]
[Round "9"]
[White "Csizmadia, Lajos"]
[Black "Kaposztas, Miklos"]
[Result "1/2-1/2"]
[WhiteElo "1965"]
[BlackElo "2208"]
[PlyCount "38"]
[EventDate "2008.06.23"]
[EventType "swiss"]
[EventRounds "9"]
[EventCountry "HUN"]
[SourceTitle "EXT 2011"]
[Source "ChessBase"]
[SourceDate "2010.11.26"]
[SourceVersion "1"]
[SourceVersionDate "2010.11.26"]
[SourceQuality "1"]

1. e4 g6 2. d4 Bg7 3. c3 d5 4. exd5 Qxd5 5. Qb3 Qd8 6. Bc4 e6 7. d5 exd5 8. Bxd5 Qe7+ 9. Be3 Nd7 10. Nh3 Ngf6 11. Nf4 c6 12. Bf3 Ne5 13. Qa3 Qc7 14. Nd2 g5 15. Ne2 Bf8 16. Qb3 Nd3+ 17. Kf1 Nc5 18. Qc2 g4 19. Be4 Ne6 1/2-1/2

[Event "HUN-ch Seniors"]
[Site "Ajka"]
[Date "2008.06.28"]
[Round "8"]
[White "Szlabey, Geza"]
[Black "Csizmadia, Lajos"]
[Result "0-1"]
[WhiteElo "2116"]
[BlackElo "1965"]
[PlyCount "108"]
[EventDate "2008.06.23"]
[EventType "swiss"]
[EventRounds "9"]
[EventCountry "HUN"]
[SourceTitle "EXT 2011"]
[Source "ChessBase"]
[SourceDate "2010.11.26"]
[SourceVersion "1"]
[SourceVersionDate "2010.11.26"]
[SourceQuality "1"]

1. f4 d5 2. Nf3 Nf6 3. e3 c5 4. Bb5+ Bd7 5. Bxd7+ Nbxd7 6. a4 g6 7. 0-0 Bg7 8. d4 0-0 9. Qe2 cxd4 10. exd4 e6 11. Nbd2 Qc7 12. Nb3 b6 13. a5 Qc4 14. Qd1 Rfc8 15. c3 b5 16. Bd2 a6 17. Ne5 Qc7 18. Nd3 Bf8 19. Be3 Ne4 20. g4 f5 21. g5 Qb7 22. Qe1 Rab8 23. Rc1 b4 24. cxb4 Rxc1 25. Qxc1 Bxb4 26. Qc2 Be7 27. Nbc5 Ndxc5 28. dxc5 Qb3 29. Rc1 Qxc2 30. Rxc2 Rb3 31. c6 Rxd3 32. c7 Nd6 33. c8Q+ Nxc8 34. Rxc8+ Kf7 35. Kf2 d4 36. Bc1 Rh3 37. Ke2 d3+ 38. Kf2 Rxh2+ 39. Ke3 Rc2 40. Rxc2 dxc2 41. Kd3 Bb4 42. Kxc2 Bxa5 43. Be3 Bc7 44. Kd3 e5 45. fxe5 Bxe5 46. b3 Ke6 47. Bc5 Bf4 48. Bf2 Bxg5 49. Kc4 Be7 50. Kd4 g5 51. Be1 h5 52. Ke3 h4 53. Kf3 Ke5 54. b4 Bxb4 0-1

[Event "HUN-ch Seniors"]
[Site "Ajka"]
[Date "2008.06.25"]
[Round "3"]
[White "Balogh, Lajos"]
[Black "Csizmadia, Lajos"]
[Result "1-0"]
[WhiteElo "2051"]
[BlackElo "1965"]
[PlyCount "73"]
[EventDate "2008.06.23"]
[EventType "swiss"]
[EventRounds "9"]
[EventCountry "HUN"]
[SourceTitle "EXT 2011"]
[Source "ChessBase"]
[SourceDate "2010.11.26"]
[SourceVersion "1"]
[SourceVersionDate "2010.11.26"]
[SourceQuality "1"]

1. c4 g6 2. Nc3 Bg7 3. Nf3 d6 4. g3 Nf6 5. Bg2 e5 6. d3 c6 7. Rb1 a5 8. a3 0-0 9. 0-0 Re8 10. Bg5 h6 11. Bxf6 Qxf6 12. b4 axb4 13. axb4 Qe7 14. Nd2 f5 15. e3 e4 16. d4 Be6 17. Qc2 Nd7 18. Rfc1 Ra3 19. Ra1 Rea8 20. Rxa3 Rxa3 21. Qb2 Ra8 22. c5 Nf6 23. Ra1 Qd8 24. Bf1 Rxa1 25. Qxa1 dxc5 26. bxc5 b6 27. Qa6 bxc5 28. Qxc6 Qc8 29. Qxc8+ Bxc8 30. dxc5 Kf8 31. Na4 Bd7 32. Nb6 Bc6 33. Nb3 Nd5 34. Na5 Nxb6 35. cxb6 Bd5 36. Bc4 Bxc4 37. Nxc4 1-0

[Event "HUN-ch Seniors"]
[Site "Ajka"]
[Date "2008.06.25"]
[Round "4"]
[White "Csizmadia, Lajos"]
[Black "Tamas, Jeno"]
[Result "1-0"]
[WhiteElo "1965"]
[BlackElo "1806"]
[PlyCount "46"]
[EventDate "2008.06.23"]
[EventType "swiss"]
[EventRounds "9"]
[EventCountry "HUN"]
[SourceTitle "EXT 2011"]
[Source "ChessBase"]
[SourceDate "2010.11.26"]
[SourceVersion "1"]
[SourceVersionDate "2010.11.26"]
[SourceQuality "1"]

1. e4 e6 2. d4 c5 3. Nf3 h6 4. c4 cxd4 5. Nxd4 a6 6. Nc3 Bc5 7. Be3 Ne7 8. Be2 Qb6 9. Rb1 e5 10. Nc2 Bxe3 11. Nxe3 Qg6 12. 0-0 0-0 13. f3 Nec6 14. Nc2 d6 15. Kh1 Be6 16. Nd5 Bxd5 17. cxd5 Ne7 18. Ne3 f5 19. Bd3 f4 20. Nc4 Nc8 21. Qb3 b5 22. Na5 Qe8 23. Rbc1 Rf7 1-0

[Event "Eger Tel op"]
[Site "Eger"]
[Date "2008.01.27"]
[Round "7"]
[White "Balogh, Lajos"]
[Black "Csizmadia, Lajos"]
[Result "1/2-1/2"]
[WhiteElo "2061"]
[BlackElo "1965"]
[PlyCount "44"]
[EventDate "2008.01.24"]
[EventType "swiss"]
[EventRounds "7"]
[EventCountry "HUN"]
[SourceTitle "EXT 2011"]
[Source "ChessBase"]
[SourceDate "2010.11.26"]
[SourceVersion "1"]
[SourceVersionDate "2010.11.26"]
[SourceQuality "1"]

1. d4 g6 2. Nf3 Nf6 3. c4 Bg7 4. Nc3 d6 5. g3 0-0 6. Bg2 Nbd7 7. 0-0 e5 8. Bg5 h6 9. Bd2 c6 10. Qc2 Qe7 11. Rfe1 Re8 12. h3 Nf8 13. e4 Nh5 14. Kh2 Ne6 15. d5 Nd4 16. Qc1 Kh7 17. Be3 c5 18. g4 Nxf3+ 19. Bxf3 Nf4 20. Bxf4 exf4 21. Kg2 Be5 22. Rb1 Qg5 1/2-1/2

[Event "Balatonalmadi Pannonia Cup 12th"]
[Site "Balatonalmadi"]
[Date "2007.08.01"]
[Round "1"]
[White "Galyas, Miklos"]
[Black "Csizmadia, Lajos"]
[Result "1-0"]
[WhiteElo "2486"]
[BlackElo "1987"]
[PlyCount "71"]
[EventDate "2007.08.01"]
[EventType "swiss"]
[EventRounds "7"]
[EventCountry "HUN"]
[SourceTitle "EXT 2016"]
[Source "ChessBase"]
[SourceDate "2015.10.08"]
[SourceVersion "1"]
[SourceVersionDate "2015.10.08"]
[SourceQuality "1"]

1. d4 g6 2. c4 Nf6 3. Nc3 Bg7 4. e4 d6 5. Nf3 0-0 6. h3 e5 7. d5 Nbd7 8. Bg5 Nc5 9. b4 Na6 10. Rb1 c5 11. a3 h6 12. Be3 b6 13. Nd2 Nh7 14. g4 f5 15. gxf5 gxf5 16. exf5 Bxf5 17. Nde4 Qh4 18. Bd3 Rad8 19. bxc5 Nxc5 20. Nxc5 dxc5 21. Bxf5 Rxf5 22. Qg4 Qxg4 23. hxg4 Rf7 24. Ke2 Rd6 25. Ne4 Rg6 26. f3 Ng5 27. Bxg5 hxg5 28. Rh5 Bf6 29. a4 Bd8 30. Rbh1 Kf8 31. Rh8+ Rg8 32. R1h6 Rfg7 33. Rxg8+ Rxg8 34. a5 Rg7 35. a6 Ke8 36. Re6+ 1-0

[Event "Tapolca op"]
[Site "Budapest"]
[Date "2005.08.14"]
[Round "1"]
[White "Csizmadia, Lajos"]
[Black "Galyas, Miklos"]
[Result "0-1"]
[WhiteElo "2033"]
[BlackElo "2432"]
[PlyCount "58"]
[EventDate "2005.08.14"]
[EventType "swiss"]
[EventRounds "7"]
[EventCountry "HUN"]
[SourceTitle "EXT 2008"]
[Source "ChessBase"]
[SourceDate "2007.11.25"]
[SourceVersion "1"]
[SourceVersionDate "2007.11.25"]
[SourceQuality "1"]

1. e4 e6 2. d4 d5 3. Nd2 Be7 4. Ngf3 Nf6 5. e5 Nfd7 6. Bd3 c5 7. c3 Nc6 8. Bc2 cxd4 9. cxd4 Qb6 10. Nb3 a5 11. a4 Nb4 12. 0-0 Qc7 13. Bd3 Nxd3 14. Qxd3 b6 15. Rd1 Ba6 16. Qe3 0-0 17. Bd2 Rac8 18. Bc3 Nb8 19. h4 Nc6 20. g3 Nb4 21. Rd2 Qd7 22. Kg2 Bb7 23. Ng5 h6 24. Rh1 Ba6 25. Nc1 Qxa4 26. b3 Qc6 27. Bb2 hxg5 28. hxg5 g6 29. Rdd1 Qc2 0-1

[Event "Salgotarjan op"]
[Site "Salgotarjan"]
[Date "2004.03.07"]
[Round "7"]
[White "Ruszin, Anna"]
[Black "Csizmadia, Lajos"]
[Result "1/2-1/2"]
[WhiteElo "1949"]
[BlackElo "2015"]
[PlyCount "108"]
[EventDate "2004.03.04"]
[EventType "swiss"]
[EventRounds "7"]
[EventCountry "HUN"]
[SourceTitle "EXT 2008"]
[Source "ChessBase"]
[SourceDate "2007.11.25"]
[SourceVersion "1"]
[SourceVersionDate "2007.11.25"]
[SourceQuality "1"]

1. e4 e6 2. d4 d5 3. Nd2 c5 4. c3 cxd4 5. cxd4 dxe4 6. Nxe4 Nc6 7. Nf3 Bb4+ 8. Bd2 Nge7 9. Bc4 0-0 10. 0-0 Qa5 11. Bxb4 Qxb4 12. Qd3 Rd8 13. Rfd1 Nf5 14. a3 Qb6 15. d5 exd5 16. Bxd5 Be6 17. Nc3 Nce7 18. Qe4 Nd6 19. Qe2 Nxd5 20. Nxd5 Bxd5 21. Rxd5 Re8 22. Qd3 Ne4 23. Qd4 Qxd4 24. Rxd4 Rac8 25. Rad1 f6 26. Rd7 Rc2 27. Rxb7 Rec8 28. Re1 f5 29. b4 Rxf2 30. Rxe4 Rxf3 31. gxf3 fxe4 32. fxe4 Rc1+ 33. Kg2 Rc2+ 34. Kf1 Rxh2 35. Rxa7 Rb2 36. e5 Kf8 37. e6 Rb3 38. Ke2 h5 39. Rf7+ Ke8 40. Rxg7 Rxa3 41. Kf2 Rb3 42. Rb7 Rb2+ 43. Kf3 h4 44. Kg4 h3 45. Kxh3 Re2 46. Kg4 Rxe6 47. Kf5 Re1 48. b5 Kd8 49. b6 Kc8 50. Rc7+ Kb8 51. Rh7 Rb1 52. Rh6 Kb7 53. Ke5 Rxb6 54. Rxb6+ Kxb6 1/2-1/2

[Event "Erkel Memorial op"]
[Site "Gyula"]
[Date "2001.11.07"]
[Round "9"]
[White "Csizmadia, Lajos"]
[Black "Mrzic, Branko"]
[Result "1/2-1/2"]
[WhiteElo "2031"]
[BlackElo "2197"]
[PlyCount "106"]
[EventDate "2001.10.30"]
[EventType "swiss"]
[EventRounds "9"]
[EventCountry "HUN"]
[SourceTitle "EXT 2008"]
[Source "ChessBase"]
[SourceDate "2007.11.25"]
[SourceVersion "1"]
[SourceVersionDate "2007.11.25"]
[SourceQuality "1"]

1. e4 c5 2. Nf3 Nc6 3. d4 cxd4 4. Nxd4 Qc7 5. c4 a6 6. Nc3 e6 7. Be2 Nf6 8. Nxc6 dxc6 9. 0-0 b5 10. cxb5 cxb5 11. a3 Bb7 12. Bf3 Nd7 13. Be3 Bc5 14. Qe2 Qe5 15. g3 Bxe3 16. Qxe3 Qc5 17. Qxc5 Nxc5 18. b4 Nd7 19. Kg2 Ke7 20. Rac1 Ne5 21. Be2 Rhd8 22. Rfd1 Nc6 23. Rxd8 Rxd8 24. Rd1 Rc8 25. Nb1 Ne5 26. f3 Nd7 27. Kf2 Nb6 28. Rd2 Na4 29. Bd1 Rc1 30. Bxa4 bxa4 31. Rb2 Bc6 32. Ke3 Kd6 33. Nd2 Bb5 34. Nb1 Re1+ 35. Kf4 e5+ 36. Kg4 Bd7+ 37. Kh4 f5 38. exf5 Bxf5 39. Rd2+ Ke7 40. Nc3 Bd7 41. g4 Ra1 42. Rd3 Ke6 43. Ne4 Bb5 44. Nc5+ Ke7 45. Re3 Kd6 46. Kg5 Rd1 47. h4 Rd4 48. Ne4+ Kd5 49. h5 Rc4 50. h6 gxh6+ 51. Kxh6 Kd4 52. Re1 Rc7 53. g5 Bd3 1/2-1/2